La reproducción: elementos para una teoría del sistema de enseñanza
Bewaard in:
| Hoofdauteur: | |
|---|---|
| Andere auteurs: | |
| Formaat: | Boek |
| Taal: | Spaans |
| Gepubliceerd in: |
Ciudad de México, México
Laia
1996
|
| Editie: | Segunda edición |
| Reeks: | Fontamara
176 |
| Onderwerpen: | |
| Tags: |
Voeg label toe
Geen labels, Wees de eerste die dit record labelt!
|
MARC
| LEADER | 00000nam a2200000 a 4500 | ||
|---|---|---|---|
| 001 | UCS6676 | ||
| 003 | CL-VaPUC | ||
| 005 | 20231106092947.0 | ||
| 008 | 970926e19960000MX |||||||||||||||||spa|d | ||
| 999 | |c 262304 |d 262302 | ||
| 040 | |c Pontificia Universidad Católica de Valparaíso | ||
| 082 | 0 | 4 | |a 370.1 BOU 1996 |2 21 |
| 100 | 0 | |a Bourdieu, Pierre |9 308635 | |
| 245 | 1 | 3 | |a La reproducción: elementos para una teoría del sistema de enseñanza |
| 250 | |a Segunda edición | ||
| 260 | 0 | 3 | |a Ciudad de México, México |b Laia |c 1996 |
| 300 | |a 285 páginas | ||
| 490 | 0 | |a Fontamara |v 176 | |
| 583 | |a last modification |c 19970926 00:00:00 |k Rodrigo Vera | ||
| 650 | 0 | |a Filosofía de la educación |9 258384 | |
| 650 | 0 | |a Objetivos educativos |9 306344 | |
| 650 | 0 | |a Sociología |9 255410 | |
| 650 | 0 | |a Enseñanza |9 256457 | |
| 650 | 0 | |a Cultura |9 269059 | |
| 700 | 0 | |a Passeron, Jean Claude |9 392041 | |
| 942 | |c BK |2 ddc | ||
| 945 | |d 19970926 00:00:00 |a jquezada | ||
| 952 | |0 0 |1 0 |2 ddc |4 0 |6 370_100000000000000_BOU_1996 |7 0 |8 A |9 290607 |a FDOPOS |b BIBEDU |d 2019-11-19 |i 3351661 |l 1 |o 370.1 BOU 1996 |p 3351661 |r 2024-03-13 |s 2023-11-15 |t 1 |w 2019-11-19 |y BK |k MLA | ||